1562 1610 1757 1250 1778 1505 1431 1162 1631 1301 1805 1221 1088 1258 1888 1780 1687 1030 1623 1497 1928 1812 1551 1247 1121 1672 1306 1049 1802 1517 1720 1139 1686 1851 1451 1709 1350 1737 1494 1081 1531 1541 1647 1232 1898 1138 1045 1024 1448 1040 1222 1277 1268 1473 1997 1378 1308 1365 1510 1403 1347 1025 1821 1124 1925 1167 1913 1720 1458 1944 1747 1982 1242 1009 1945 1159 1956 1685 1234 1044 1974 1305 1656 1067 1216 1568 1334 1018 1896 1327 1441 1132 1672 1172 1626 1063 1428 1485 1393 BCNSPRNW ULIB Ver.6.0+V

เปลี่ยนเป็นภาษาไทย

Change to English
 แสดงรายละเอียดบรรณานุกรม
  กลับหน้าหลัก

Brief Record : Get Marc (ISO 2709) : E-mail record : QR code < ปิดหน้าต่าง
LEADER : 00000nam 2200000uu 4500
001    13399114510
003     ULIB
008    120411s2550||||th 000 0 tha d
020    ^a9749984625
090    ^aนว.^bจ686ห 2550
100 0  ^aเจ้าหญิงผู้เลอโฉม
245 00 ^aหนุ่มแว่นหน้าใสเกี่ยวหัวใจยัยตัวแสบ 1 /^cเจ้าหญิงผู้เลอโฉม
250    ^aพิมพ์ครั้งที่ 1
260    ^aกรุงเทพฯ :^bแจ่มใส,^c2550
300    ^a176 หน้า
710 1  ^aแจ่มใส
945    ^p139^l0^i14046
995    ^aกัณชพร
999    ^aใช้งานได้ทุกระบบ
รายการนี้ยังไม่มีแท็ก
คุณยังไม่ได้ล็อกอิน คุณสามารถมีกิจกรรมร่วมกับเว็บไซต์ได้ แต่ต้องล็อกอินก่อน ::
  ล็อกอิน

รายการสื่อสารสนเทศ

ลำดับที่ ประเภท เลขเรียก/บาร์โค้ด สถานที่ สถานะ
1. นวนิยาย
นวนิยาย
นว. จ686ห 2550  
  Barcode: 14046
ห้องสมุดวิทยาเขตสวรรค์ประชารักษ์
►นวนิยาย
บนชั้น
  ขอยืม

รายการใกล้เคียง
    ผู้แต่ง [เจ้าหญิงผู้เลอโฉม]

BibComment


ยังไม่เคยถูกคอมเมนท์

คอมเมนท์ทรัพยากรรายการนี้
  คอมเมนท์: หนุ่มแว่นหน้าใสเ..


 Copyright 2026. Bcnsprnw @Library